00000000nam##2200000za#4500
0019.627816
003CaOODSP
00520210615105407
007ta
008150406|2008||||xxc|||||     f|0| 0 fre|d
022 |a0706-6570
040 |aCaOODSP|bfre
043 |an-cn---
0861 |aFs97-6/2781F
1101 |aCanada. |bMinistère des pêches et des océans.
24510|aDistribution spatio-temporelle du homard au large de Saint-Godefroi (baie des Chaleurs, Québec) et relation avec les activités de pêche au pétoncle / |c[par] Magalie Hardy, Louise Gendron et Philippe Archambault.
260 |aMont-Joli - Québec : |bPêches et Océans Canada |c2008.
300 |ax, 72p. : |bfigures, graphiques, carte, références, tableaux ; |c28 cm.
4901 |aRapport technique canadien des sciences halieutiques et aquatiques|x0706-6570|vN° 2781
500 |a«Direction régionale des Sciences, Pêches et Océans Canada, Institut Maurice-Lamontagne, 850 route de la Mer, Mont-Joli (Québec) G5H 3Z4»--Couv.
5203 |aA été entreprise dans le but d’analyser le rôle potentiel des activités de pêche au pétoncle dans les diminutions de rendement de la pêche au homard dans le secteur de Saint-Godefroi (sous-zone de pêche 20B6, baie des Chaleurs, Québec, Canada) depuis la fin des années 1990.
546 |a(Abstract in English.)
563 |aCouverture souple
590 |a08-17|b2008-04-25
7201 |aArchambault, Philippe
7201 |aGendron, Louise
7201 |aHardy, Magalie
7760#|tDistribution spatio-temporelle du homard au large de Saint-Godefroi (baie des Chaleurs, Québec) et relation avec les activités de pêche au pétoncle / |w(CaOODSP)9.604069
830#0|aRapport technique canadien des sciences halieutiques et aquatiques,|x0706-6570|vN° 2781|w(CaOODSP)9.513015